logo

Bir Sreshtho Munshi Abdur Rouf Library
Jhenaidah Cadet College

The Greatest Short Stories of Leo Tolstoy / (Record no. 14161)

MARC details
000 -LEADER
fixed length control field 00670nam a2200229 a 4500
001 - CONTROL NUMBER
JCCL Control Number 14161
003 - CONTROL NUMBER IDENTIFIER
JCCL marc code BD-JhCC
005 - DATE AND TIME OF LATEST TRANSACTION
control field 20250203134127.0
008 - FIXED-LENGTH DATA ELEMENTS--GENERAL INFORMATION
fixed length control field 250203b2021 ii a|||| ||a| 001 0 eng d
020 ## - INTERNATIONAL STANDARD BOOK NUMBER
International Standard Book Number 9789388369183
035 ## - SYSTEM CONTROL NUMBER
system control number (BD-JhCC)14161
040 ## - CATALOGING SOURCE
Original cataloging agency BD-JhCC
Modifying agency BD-JhCC
041 ## - LANGUAGE CODE
Language code of Book english
082 ## - DEWEY DECIMAL CLASSIFICATION NUMBER
Classification number 808.83
Author mark and Year TOL 2021
100 ## - MAIN ENTRY--PERSONAL NAME
Personal name Tolstoy,Leo
245 ## - TITLE STATEMENT
Title The Greatest Short Stories of Leo Tolstoy /
Statement of responsibility, etc Leo Tolstoy.
260 ## - PUBLICATION, DISTRIBUTION, ETC. (IMPRINT)
Place of publication, distribution, etc India:
Name of publisher, distributor, etc Prakash Books;
Date of publication, distribution, etc 2021.
300 ## - PHYSICAL DESCRIPTION
Pagination 620 p. :
Other physical details ill;
Dimensions 22 cm.
650 ## - SUBJECT ADDED ENTRY--TOPICAL TERM
Topical term or geographic name as entry element English literature
Geographic subdivision The Greatest Short Stories of Leo Tolstoy
Chronological subdivision for collections of short stories.
942 ## - ADDED ENTRY ELEMENTS (KOHA)
Source of classification or shelving scheme Dewey Decimal Classification
Koha item type Books
Holdings
Source of classification or shelving scheme Damaged status Not for loan Home library Current library Shelving location Date of accession Cost, normal purchase price Total Checkouts Total Renewals Full call number Barcode Checked out Date last seen Date checked out Copy number Method of acquisition Koha item type Currency
Dewey Decimal Classification     JCC Rouf Library JCC Rouf Library General Stacks   1450.00 3 1 808.83 TOL 2021 20047 12/08/2025 11/13/2025 11/13/2025 C-1 Exchange Books BDT

JCC Library | Contacts | JCC Home

Last Update on 23 September 2017
Copyright @ 2017-2020 JCC Rouf Library
Rouf Library, Jhenidah Cadet College (JCC), Bangladesh